000 00245 a2200097 4500
001 23136
100 _aSharif, M M
245 _aCollected Papers-III : Studies in Aesthetics
260 _a
_bInst. of Islamic Culture
_c1964
090 _c15676
_d15676
942 _aNUST-CAE
_cM
_c6309
999 _c258209
_d258209